| 000 | 00733nam a2200241Ia 4500 | ||
|---|---|---|---|
| 003 | OSt | ||
| 005 | 20220202135719.0 | ||
| 008 | 210716s2005 xx 000 0 und d | ||
| 020 | _a8174464158 | ||
| 040 | _cAIMIT LIBRARY | ||
| 041 | _aeng | ||
| 082 |
_a657.48 _22 _bBANA |
||
| 100 |
_aBanerjee, Ashok. _915829 |
||
| 245 |
_aFinancial accounting : _ba managerial emphasis / _cBy Ashok Banerjee |
||
| 250 | _a2nd ed. | ||
| 260 |
_aNew Delhi : _bExcel Books , _c2005. |
||
| 300 |
_axii, 702p ; _c24.5 cm. |
||
| 650 |
_aBank Reconciliation Statement _915830 |
||
| 650 |
_aAccounting Standards in India _915831 |
||
| 650 |
_aCash flow Reporting _915832 |
||
| 650 |
_aRevenue Recognition _915833 |
||
| 942 |
_2ddc _cBK _e2nd _k657.48 BANA |
||
| 999 |
_c199457 _d199457 |
||